Here Comes The Sun Lyrics-Ghost - Statistics

General Stats
  • This quiz has been taken 51 times
  • The average score is 113 of 142
Answer Stats
Answer % Correct
the
100%
comes
96%
here
96%
Here
96%
sun
96%
Sun
96%
a
86%
I
86%
it
86%
And
79%
it's
79%
all
68%
been
68%
darling
68%
Little
68%
say
68%
right
61%
since
61%
to
61%
like
57%
lonely
57%
long
57%
winter
57%
cold
54%
is
54%
that
50%
feel
46%
ice
46%
melting
46%
slowly
46%
years
46%
feels
43%
faces
39%
returning
39%
smiles
39%
clear
36%
No matching quizzes found
Score Distribution
Percent of People with Each Score
Percentile by Number Answered
Your Score History
You have not taken this quiz